00592nam a2200181 a 450000100060000000300080000600500170001400800440003103500190007504000320009404100080012608200190013410000190015324501270017226000500029930000270034970000340037630110BD-RjUL20211209051520.0140409s19501852 uk 000 0 eng d a(BD-RjUL)30195 aTWUcTWUdm.cdBD-RjULbeng aeng a823bESH 19501 aEsmond, Henry 14aThe history of Henry Esmond, esq :ba colonel in the service of Her Majesty Q. Anne. Written by himself /cW. M. Thackeray aLondon :bSmith Elder,c1852 [Reprinted 1950] axvii , 519 p. :c19 cm aThackeray, William Makepeace,